000 004620000a22001570004500
041 0 _aSPA
082 0 4 _aG 285.135 I243c
110 1 _aIglesia Presbiteriana Cumberland
245 1 0 _aConfesión de fe y constitución de la Iglesia Presbiteriana Cumberland / Iglesia Presbiteriana Cumberland
300 _a105 Pag
001 8808
942 _cBK
999 _c38926
_d38926
336 _atexto
_btxt
_2rdacontent
337 _2rdamedia
_asin mediación
_bn
338 _2rdacarrier
_avolumen
_bnc